<?xml version="1.0" encoding="UTF-8"?>
<marc:record xmlns:marc="http://www.loc.gov/MARC21/slim">
   <marc:leader>00000nam a2200000 a 4500</marc:leader>
   <marc:datafield ind1="1" ind2=" " tag="100">
      <marc:subfield code="a">Lehar, Philipp</marc:subfield>
      <marc:subfield code="4">aut</marc:subfield>
      <marc:subfield code="e">Verfasser/-in</marc:subfield>
   </marc:datafield>
   <marc:datafield ind1=" " ind2=" " tag="653">
      <marc:subfield code="a">Softcover / Philosophie/20.</marc:subfield>
   </marc:datafield>
   <marc:datafield ind1=" " ind2=" " tag="653">
      <marc:subfield code="a">21. Jahrhundert</marc:subfield>
   </marc:datafield>
   <marc:datafield ind1="0" ind2="0" tag="245">
      <marc:subfield code="a">Integration und Ausgrenzung in der Pfadfinderbewegung am Beispiel Österreichs im Umgang mit jüdischen Mitbürgern im Zeitraum 1930 - 1970</marc:subfield>
   </marc:datafield>
   <marc:datafield ind1="0" ind2="0" tag="245">
      <marc:subfield code="c">Philipp Lehar</marc:subfield>
   </marc:datafield>
   <marc:datafield ind1=" " ind2="1" tag="264">
      <marc:subfield code="a">Baunach</marc:subfield>
      <marc:subfield code="b">Spurbuchverl.</marc:subfield>
      <marc:subfield code="c">2013</marc:subfield>
   </marc:datafield>
   <marc:datafield ind1="1" ind2=" " tag="490">
      <marc:subfield code="a">Jugend- &amp; Pfadfinderbewegung</marc:subfield>
      <marc:subfield code="v">Bd. 1</marc:subfield>
   </marc:datafield>
   <marc:datafield ind1=" " ind2=" " tag="250">
      <marc:subfield code="a">1. Aufl.</marc:subfield>
   </marc:datafield>
   <marc:datafield ind1="1" ind2=" " tag="520">
      <marc:subfield code="a">Angaben aus der Verlagsmeldung

Jugend- &amp; Pfadfinderbewegung : Wissenschaftliche Arbeiten Band 1 / von Philipp Lehar

Integration und Ausgrenzung in der Pfadfinderbewegung am Beispiel Österreichs im Umgang mit jüdischen Mitbürgern im Zeitraum 1930 - 1970

Philipp Lehar studierte Geschichte an der Universität Innsbruck und untersucht in seiner Diplomarbeit die Rolle jüdischer Mitbürger in der Pfadfinderbewegung. Erstmals wurde auf einer breiten Quellenbasis dieser Aspekt der österreichischen Pfadfindergesichte untersucht.

Ein Beitrag zur Erinnerungskultur, aber auch zur Auseinandersetzung mit der Frage von Integration und Ausgrenzung in der Pfadfinderbewegung heute.
</marc:subfield>
   </marc:datafield>
   <marc:datafield ind1=" " ind2=" " tag="020">
      <marc:subfield code="a">9783887783983</marc:subfield>
      <marc:subfield code="9">9783887783983</marc:subfield>
   </marc:datafield>
   <marc:datafield ind1=" " ind2=" " tag="041">
      <marc:subfield code="a">ger</marc:subfield>
   </marc:datafield>
   <marc:datafield ind1=" " ind2=" " tag="300">
      <marc:subfield code="a">166 S.</marc:subfield>
   </marc:datafield>
</marc:record>
